000 00713nam a2200193 4500
001 139979
003 ES-MaACL
005 20230906195950.0
007 t|
008 070214s1977 sp r ||||1| spa d
100 1 _aSchmidt, Siegfried J.
_9104494
245 1 0 _aTeoría del texto
_b: problemas de una lingüística de la comunicación verbal /
_cSiegfried J. Schmidt ; presentación de Enrique Ballón Aguirre ; [traducción de María Luz Arriola y Stephen Crass].
260 _aMadrid :
_bCátedra,
_c1977.
300 _a188 p. ;
_c21 cm.
700 1 _aBallón Aguirre, Enrique.
_925078
700 1 _aArriola, María Luz.
_923328
700 1 _aCrass, Stephen.
_941451
852 _aES-MaACL
_jA-6912
_bR.95996
999 _c139979
_d139979